Statistics for The Best Places In The World To Celebrate New Years

Click here to take the quiz!

General Stats

  • This quiz has been taken 10 times
  • The average score is 6 of 31

Answer Stats

Answer% Correct
England, London
89%
France, Paris
67%
Australia, Sydney
56%
Germany, Berlin
44%
Japan, Tokyo
44%
Russia, Moscow
44%
Spain, Madrid
44%
United States, New York
44%
Scotland, Edinburgh
33%
China, Hong Kong
22%
United Arab Emirates, Dubai
22%
Austria, Vienna
11%
Brazil, Rio de Janeiro
11%
Thailand, Bangkok
11%
United States, Las Vegas
11%
United States, Miami
11%
Bahamas
0%
Bali, Denpasar
0%
Chile, Valparaiso
0%
Greece, Athens
0%
Iceland, Reykjavik
0%
Italy, Venice
0%
Maldives
0%
Netherlands, Amsterdam
0%
New Zealand, Queenstown
0%
Russia, St. Petersburg
0%
Slovakia, Bratislava
0%
South Africa, Cape Town
0%
United States, Hawaii
0%
United States, New Orleans
0%
Vietnam, Ho Chi Minh City
0%

Score Distribution

Percentile by Number Answered

Percent of People with Each Score

Your Score History

You have not taken this quiz